000 00251nam a2200085Ia 4500
245 0 _aHarvest diaries
100 _a Stevens, Christine, , 1958- Auckland Park, South Africa, 2008
_986263
942 _cBK
008 210817s9999 xx 000 0 und d
999 _c328403
_d328402